000 00325nam a2200133 i 4500
001 bg
100 1 _aWERNER, Witold
245 0 _aSterowanie przemysłowym zapleczem badawczym /
_cWitold Werner.
260 _aWarszawa,
_c1981.
040 _cBPK
041 _apol
942 _cKS
008 s pl f |000 0 pol
999 _c20592
_d20592
856 _uhttp://koha.tu.koszalin.pl/cgi-bin/koha/opac-detail.pl?biblionumber=20592
_yKatalog online BPK